| 000 | 01368nam a22003737a 4500 | ||
|---|---|---|---|
| 001 | 422 | ||
| 003 | FISKH | ||
| 005 | 20230412120435.0 | ||
| 008 | 230412b cb ||||| |||| 00| 0 eng d | ||
| 020 | _a9780060799847 (trade bdg.) | ||
| 020 | _a9780545544214 | ||
| 020 | _a9780060799854 (lib. bdg.) | ||
| 040 |
_aDLC _cDLC _dDLC _dFISKH _beng |
||
| 042 |
_alcac _apcc |
||
| 050 | 0 | 0 |
_aPZ7.B51181685 _bZai 2012 |
| 082 | 0 | 0 |
_a813.6 _222 |
| 100 | 1 |
_aBingham, Kelly L., _d1967- |
|
| 245 | 1 | 0 |
_aZ is for Moose / _cby Kelly Bingham ; pictures by Paul O. Zelinsky. |
| 260 |
_aNew York : _bScholastic. _c2013. |
||
| 300 |
_a16 leaves of plates : _bcol. ill. ; _c24 x 29 cm. |
||
| 505 | _aB | ||
| 520 | _aMoose, terribly eager to play his part in the alphabet book his friend Zebra is putting together, then awfully disappointed when his letter passes, behaves rather badly until Zebra finds a spot for him. | ||
| 521 | 8 |
_a130
_bLexile |
|
| 521 | 8 |
_aB
_bRaz-Plus |
|
| 650 | 1 |
_aAlphabet _vFiction. |
|
| 650 | 1 |
_aMoose _vFiction. |
|
| 650 | 1 |
_aZebras _vFiction. |
|
| 650 | 1 |
_aBehavior _vFiction. |
|
| 650 | 1 | _aHumorous stories. | |
| 700 | 1 |
_aZelinsky, Paul O., _eill. |
|
| 906 |
_a7 _bcbc _corignew _d1 _eecip _f20 _gy-gencatlg |
||
| 942 |
_2ddc _cBK _n0 |
||
| 999 |
_c422 _d422 |
||